Introducción a la Biblia / (Record no. 131007)

MARC details
000 -LEADER
campo de control de longitud fija 00825nam a2200229 4500
001 - NÚMERO DE CONTROL
campo de control 131007
003 - IDENTIFICADOR DE NÚMERO DE CONTROL
campo de control ES-MaACL
005 - FECHA Y HORA DE LA ÚLTIMA TRANSACCIÓN
campo de control 20230906193909.0
007 - CAMPO FIJO DE DESCRIPCIÓN FÍSICA--INFORMACIÓN GENERAL
campo de control de longitud fija t|
008 - DATOS DE LONGITUD FIJA--INFORMACIÓN GENERAL
campo de control de longitud fija 070214s1965 sp r ||||1| spa d
100 1# - ENTRADA PRINCIPAL--NOMBRE DE PERSONA
Nombre de persona Robert, A.
9 (RLIN) 97797
245 10 - MENCIÓN DEL TÍTULO
Título Introducción a la Biblia /
Mención de responsabilidad, etc. A. Robert, A. Fenillet ; [versión castellana de Alejandro Ros].
260 ## - PUBLICACIÓN, DISTRIBUCIÓN, ETC.
Lugar de publicación, distribución, etc. Barcelona :
Nombre del editor, distribuidor, etc. Herder,
Fecha de publicación, distribución, etc. 1965.
300 ## - DESCRIPCIÓN FÍSICA
Extensión 2 v. ;
Dimensiones 22 cm.
490 1# - MENCIÓN DE SERIE
Mención de serie Biblioteca Herder. Sección de Sagrada Escritura ;
Designación de volumen o secuencia 71
505 8# - NOTA DE CONTENIDO CON FORMATO
Nota de contenido con formato Contiene: t. I: Introducción general ; Antiguo Testamento ---- t. II: Nuevo Testamento
700 1# - ENTRADA AGREGADA--NOMBRE PERSONAL
Nombre de persona Fenillet, A.
9 (RLIN) 49250
700 1# - ENTRADA AGREGADA--NOMBRE PERSONAL
Nombre de persona Ros, Alejandro.
9 (RLIN) 99564
830 0# - PUNTO DE ACCESO ADICIONAL DE SERIE-TÍTULO UNIFORME
Título uniforme Biblioteca Herder. Sección de Sagrada Escritura ;
Designación de volumen o secuencia 71
9 (RLIN) 186862
852 ## - LOCALIZACIÓN
Ubicación ES-MaACL
Número de control de estantería C-28252-3
Sublocalización o colección R.57531
Holdings
Estatus retirado Estado de pérdida Estado de daño No para préstamo Biblioteca de origen Biblioteca actual Ubicación en estantería Fecha de adquisición Fuente de adquisición Total de préstamos Signatura topográfica completa Código de barras Visto por última vez Precio de reemplazo Tipo de ítem Koha
        Biblioteca del Ateneo de Madrid Biblioteca del Ateneo de Madrid Depósito 2 17/01/2008     C-28252-3 1136395 23/02/2023 23/02/2023 Libro impreso